Проектирование и реализация рабочих программ учебных предметов, курсов в условиях формирования основ инженерной культуры обучающихся (Запись № 13642988)

Подробности
000 -МАРКЕР
контрольное поле 02273nam0a2200373 4500
001 - ИДЕНТИФИКАТОР ЗАПИСИ
контрольное поле RU\NLR\BIBL_A\022502998
005 - ИДЕНТИФИКАТОР ВЕРСИИ
контрольное поле 20260614041600.0
010 ## - МЕЖДУНАРОДНЫЙ СТАНДАРТНЫЙ НОМЕР КНИГИ (ISBN)
Номер (ISBN) 978-5-906934-72-7
Тираж 50
021 ## - НОМЕР ГОСУДАРСТВЕННОЙ РЕГИСТРАЦИИ
Код страны Российская Федерация
Номер КН-П-25-003643
Номер Листа государственной регистраци КН-П-25-0350
035 ## - ДРУГИЕ СИСТЕМНЫЕ НОМЕРА
Идентификатор записи (NLR Aleph) 022502998
100 ## - ДАННЫЕ ОБЩЕЙ ОБРАБОТКИ
Данные общей обработки 20250326d2024 u y0rusy50 ca
101 0# - ЯЗЫК РЕСУРСА
Язык текста, звукозаписи и т.д. русский
102 ## - СТРАНА ПУБЛИКАЦИИ ИЛИ ПРОИЗВОДСТВА
Страна публикации Российская Федерация
105 ## - ПОЛЕ КОДИРОВАННЫХ ДАННЫХ: ТЕКСТОВЫЕ МАТЕРИАЛЫ, МОНОГРАФИЧЕСКИЕ
Кодированные данные о монографическом текстовом документе a|||j|||000yy
181 #0 - ПОЛЕ КОДИРОВАННЫХ ДАННЫХ: ВИД СОДЕРЖАНИЯ
Код вида содержания (ISBD) i3
Код характеристики содержания (ISBD) axxe
182 #0 - ПОЛЕ КОДИРОВАННЫХ ДАННЫХ: ТИП СРЕДСТВА
Код типа средства (ISBD) n - непосредственное
200 1# - ЗАГЛАВИЕ И СВЕДЕНИЯ ОБ ОТВЕТСТВЕННОСТИ
Основное заглавие Проектирование и реализация рабочих программ учебных предметов, курсов в условиях формирования основ инженерной культуры обучающихся
Сведения, относящиеся к заглавию методические рекомендации
Первые сведения об ответственности Е. Г. Коликова, С. Ю. Петухов, Н. Ю. Хафизова, В. Н. Шайкина
Последующие сведения об ответственности Министерство образования и науки Челябинской области, Государственное бюджетное учреждение дополнительного профессионального образования "Челябинский институт развития образования"
203 ## - ВИД СОДЕРЖАНИЯ И ТИП СРЕДСТВА
Вид содержания Текст
Дополнительные сведения об издании визуальный
Тип средства непосредственный
210 ## - ПУБЛИКАЦИЯ, РАСПРОСТРАНЕНИЕ И ДР.
Место издания, распространения и т.д. Челябинск
Имя издателя, распространителя и т. д. ЧИРО
Дата издания, распространения и т.д. 2024
215 ## - ФИЗИЧЕСКАЯ ХАРАКТЕРИСТИКА
Специфическое обозначение материала и объем 47 с.
Другие сведения о физической характеристике ил., табл.
Размеры 20
320 ## - ПРИМЕЧАНИЯ О НАЛИЧИИ В ДОКУМЕНТЕ БИБЛИОГРАФИИ / УКАЗАТЕЛЯ
Текст примечания Библиогр.: с. 46-47 (19 назв.)
606 1# - НАИМЕНОВАНИЕ ТЕМЫ КАК ПРЕДМЕТ
Наименование темы Школьники
Формальный подзаголовок Методические пособия
Тематический подзаголовок Профессиональная ориентация
Системный номер авторитетной/нормативной записи 2129472
Идентификатор авторитетной/нормативной записи RU\NLR\AUTH\661284899
606 ## - НАИМЕНОВАНИЕ ТЕМЫ КАК ПРЕДМЕТ
Наименование темы Школы
Тематический подзаголовок Профильные классы
-- Учебные программы
Формальный подзаголовок Методические пособия
Идентификатор авторитетной/нормативной записи RU\NLR\AUTH\6601759122
Системный номер авторитетной/нормативной записи 2674718
686 1# - ИНДЕКСЫ ДРУГИХ КЛАССИФИКАЦИЙ
Индекс Ч426.211.9я8
686 1# - ИНДЕКСЫ ДРУГИХ КЛАССИФИКАЦИЙ
Индекс Ч421.202.5инженер.я8
701 #1 - ИМЯ ЛИЦА - АЛЬТЕРНАТИВНАЯ ОТВЕТСТВЕННОСТЬ
Начальный элемент ввода Коликова
Часть имени, кроме начального элемента ввода Е. Г.
Расширение инициалов личного имени Елена Георгиевна
701 #1 - ИМЯ ЛИЦА - АЛЬТЕРНАТИВНАЯ ОТВЕТСТВЕННОСТЬ
Начальный элемент ввода Петухов
Часть имени, кроме начального элемента ввода С. Ю.
Расширение инициалов личного имени Сергей Юрьевич
701 #1 - ИМЯ ЛИЦА - АЛЬТЕРНАТИВНАЯ ОТВЕТСТВЕННОСТЬ
Начальный элемент ввода Хафизова
Часть имени, кроме начального элемента ввода Н. Ю.
Расширение инициалов личного имени Наталья Юрьевна
701 #1 - ИМЯ ЛИЦА - АЛЬТЕРНАТИВНАЯ ОТВЕТСТВЕННОСТЬ
Начальный элемент ввода Шайкина
Часть имени, кроме начального элемента ввода В. Н.
Расширение инициалов личного имени Виктория Николаевна
942 ## - ДОПОЛНИТЕЛЬНЫЕ ЭЛЕМЕНТЫ ЗАПИСИ (АБИС)
Тип экземпляра АБИС Книга
980 ## - КОЛЛЕКЦИЯ
Название коллекции Национальная библиография

Нет доступных экземпляров.